000 00320nam a22000977a 4500
008 150724b xxu||||| |||| 00| 0 eng d
010 _8HCCRS ARF:034
245 _aHIGH COURT CRIMINAL SESSION NO.14 OF 1976 Uganda Vs Kanyarutokye s/o Kyamuhire
260 _aHigh Court Kampala
500 _3Before: Hon. Mr. Justice S.T.Manyindo
999 _c8182
_d8182